000 00308nam a2200133Ia 4500
008 240624s9999 xx 000 0 und d
041 _aeng
082 _a828 PAT
100 _aPATTANAIK DEVDUTT
245 _aMY HANUMAN CHALISA
260 _c2001
_aNew Delhi
_bVakils
300 _a134 p.
365 _cRS
_b30
999 _c29195
_d29195